4th electronics packaging technology conference (EPTC 2002)

Đã lưu trong:
Sonraí Bibleagrafaíochta
Formáid: Leabhar
Teanga:Undetermined
Foilsithe: Singapore IEEE 2002
Ábhair:
Clibeanna: Cuir Clib Leis
Gan Chlibeanna, Bí ar an gcéad duine leis an taifead seo a chlibeáil!
Thư viện lưu trữ: Trung tâm Học liệu Trường Đại học Cần Thơ
LEADER 00468nam a2200157Ia 4500
001 CTU_122352
008 210402s9999 xx 000 0 und d
082 |a 621.381 
082 |b F773 
245 0 |a 4th electronics packaging technology conference (EPTC 2002) 
260 |a Singapore 
260 |b IEEE 
260 |c 2002 
650 |a Electronic packaging,Microelectronics 
650 |x Congresses.,Congresses. 
980 |a Trung tâm Học liệu Trường Đại học Cần Thơ